|
|
|
|
| LEADER |
00000nas a2200000 a 4500 |
| 001 |
ssj0012126 |
| 003 |
WaSeSS |
| 005 |
20200512172242.0 |
| 006 |
m d |
| 007 |
cr n |
| 008 |
900620c19899999nyuqr p s 0 a0eng c |
| 010 |
|
|
|a sn 90014681
|
| 016 |
7 |
|
|a 2006817-7
|2 DE-600
|
| 016 |
7 |
|
|a 012410099
|2 Uk
|
| 022 |
|
|
|l 1054-0040
|y 1054-0040
|
| 035 |
|
|
|a (WaSeSS)ssj0012126
|
| 037 |
|
|
|b American Montessori Society, 281 Park Ave. South, 6th Floor, New York, NY 10010
|
| 040 |
|
|
|a OSU
|b eng
|c OSU
|d CLU
|d HUL
|d NSD
|d NST
|d DLC
|d SYS
|d LVB
|d OCLCQ
|d DEBBG
|d UKMGB
|d OCLCF
|d OCLCO
|d WaSeSS
|
| 042 |
|
|
|a pcc
|a nsdp
|
| 050 |
0 |
0 |
|a LB1029.M75
|b M63
|
| 082 |
1 |
0 |
|a 371
|2 12
|
| 210 |
0 |
|
|a Montessori life
|
| 222 |
|
0 |
|a Montessori life
|
| 245 |
0 |
0 |
|a Montessori life
|h [electronic resource] :
|b a publication of the American Montessori Society.
|
| 260 |
|
|
|a New York, N.Y. :
|b The Society,
|c c1989-
|
| 310 |
|
|
|a Quarterly
|
| 362 |
0 |
|
|a Vol. 1, no. 1 (fall 1989)-
|
| 500 |
|
|
|a Title from cover.
|
| 506 |
|
|
|a License restrictions may limit access.
|
| 650 |
|
0 |
|a Montessori method of education
|v Periodicals.
|
| 650 |
|
6 |
|a Montessori, Méthode
|v Périodiques.
|
| 650 |
0 |
7 |
|a Montessori-Pädagogik.
|2 swd
|
| 650 |
0 |
7 |
|a Zeitschrift.
|2 swd
|
| 650 |
|
7 |
|a Montessori method of education.
|2 fast
|0 (OCoLC)fst01025844
|
| 651 |
|
7 |
|a USA.
|2 swd
|
| 655 |
|
0 |
|a Electronic journals.
|
| 710 |
2 |
|
|a American Montessori Society.
|
| 776 |
1 |
|
|t Montessori life
|x 1054-0040
|w (OCoLC)41157038
|
| 780 |
0 |
0 |
|t Constructive triangle
|w (DLC) 75640429
|w (OCoLC)5304665
|
| 850 |
|
|
|a AU
|a CLU
|a DLC
|a MH-Ed
|a OU
|
| 853 |
3 |
3 |
|8 1
|a v.
|b no.
|i (year)
|j (season)
|
| 856 |
4 |
0 |
|z Full text available from Research Library: 01/01/2003 to present
|u https://search.proquest.com/publication/33245
|
| 863 |
4 |
0 |
|8 1
|a <1>-
|i <1989>-
|x provisional
|